[Event "GER CM05-A email"]
[Site "GER email"]
[Date "2018.06.19"]
[Round "?"]
[White "Bars, Joachim"]
[Black "Volodarsky, Yury Aleksandrovic"]
[Result "1/2-1/2"]
[WhiteElo "2377"]
[BlackElo "2379"]
[PlyCount "64"]
[EventDate "2018.??.??"]
[EventType "tourn (corr)"]
[EventRounds "10"]
[EventCountry "GER"]
[SourceTitle "Corr 2020"]
[Source "ChessBase"]
[SourceDate "2019.09.30"]
[SourceVersion "1"]
[SourceVersionDate "2019.09.30"]
[SourceQuality "1"]

1. d4 Nf6 2. c4 c5 3. d5 b5 4. cxb5 a6 5. bxa6 g6 6. Nc3 Bg7 7. e4 0-0 8. Nf3 Qa5 9. Bd2 Bxa6 10. Be2 Qb4 11. Bxa6 Nxa6 12. Qe2 Qxb2 13. Rb1 Qa3 14. e5 Ne8 15. Rb3 Qa5 16. 0-0 Nac7 17. Rd1 d6 18. a4 Qa6 19. Qxa6 Nxa6 20. Rb7 dxe5 21. Rxe7 Nd6 22. Nb5 Nxb5 23. axb5 Nb4 24. Rc7 Rfd8 25. Rxc5 Rxd5 26. Rxd5 Nxd5 27. Be1 Nb6 28. Rd6 Rb8 29. Ba5 Nc4 30. Rd8+ Rxd8 31. Bxd8 Nd6 32. b6 f6 1/2-1/2